Teknik meningkatkan kemahiran berfikir (Record no. 100466)

MARC details
000 -LEADER
fixed length control field 00675nam a2200253 i 4500
001 - CONTROL NUMBER
control field C2-0295962
003 - CONTROL NUMBER IDENTIFIER
control field PPAK
005 - DATE AND TIME OF LATEST TRANSACTION
control field 20180728074357.0
008 - FIXED-LENGTH DATA ELEMENTS--GENERAL INFORMATION
fixed length control field 090409s2009 my |||| ||||| | may d
020 ## - INTERNATIONAL STANDARD BOOK NUMBER
International Standard Book Number 9789673490028
040 ## - CATALOGING SOURCE
Original cataloging agency PPAK
Language of cataloging eng
Transcribing agency PPAK
Description conventions rda
082 04 - DEWEY DECIMAL CLASSIFICATION NUMBER
Classification number 153.42
Edition number 23
090 00 - LOCALLY ASSIGNED LC-TYPE CALL NUMBER (OCLC); LOCAL CALL NUMBER (RLIN)
Classification number (OCLC) (R) ; Classification number, CALL (RLIN) (NR) 153.42
Feature heading MUN
Feature heading G
100 0# - MAIN ENTRY--PERSONAL NAME
Personal name Munir Shuib,
Relator term author
245 10 - TITLE STATEMENT
Title Teknik meningkatkan kemahiran berfikir
264 #1 - PRODUCTION, PUBLICATION, DISTRIBUTION, MANUFACTURE, AND COPYRIGHT NOTICE
Place of production, publication, distribution, manufacture Kuala Lumpur :
Name of producer, publisher, distributor, manufacturer Prentice Hall ,
Date of production, publication, distribution, manufacture, or copyright notice 2009
300 ## - PHYSICAL DESCRIPTION
Extent 70 pages ;
Dimensions 24 cm
336 ## - CONTENT TYPE
Source rdacontent
Content type term text
337 ## - MEDIA TYPE
Source rdamedia
Media type term unmediated
338 ## - CARRIER TYPE
Source rdacarrier
Carrier type term volume
650 10 - SUBJECT ADDED ENTRY--TOPICAL TERM
Topical term or geographic name entry element Thought and thinking
700 ## - ADDED ENTRY--PERSONAL NAME
Relator term author
942 ## - ADDED ENTRY ELEMENTS (KOHA)
-- dc
Koha item type Book
Holdings
Withdrawn Not for loan Current library Shelving location Date acquired Total Checkouts Total Renewals Full call number Barcode Date last seen Date last checked out Koha item type
    Perpustakaan Alor Setar Pinjaman Dewasa 28/04/2009 1 2 153.42 MUN A01294426 20/08/2018 05/07/2018 Book
    Perpustakaan Awam Sungai Petani Pinjaman Dewasa 28/04/2009     153.42 MUN A01294427 09/05/2018   Book
    Perpustakaan Baling Pinjaman Dewasa 28/04/2009     153.42 MUN A01294433 09/05/2018   Book
    Perpustakaan Bandar Baharu Pinjaman Dewasa 28/04/2009     153.42 MUN A01294434 09/05/2018   Book
    Perpustakaan Jitra Pinjaman Dewasa 28/04/2009     153.42 MUN A01294428 09/05/2018   Book
    Perpustakaan Kulim Pinjaman Dewasa 28/04/2009     153.42 MUN A01294430 09/05/2018   Book
    Perpustakaan Merbok Pinjaman Dewasa 28/04/2009     153.42 MUN A01294437 09/05/2018   Book
    Perpustakaan Yan Pinjaman Dewasa 28/04/2009     153.42 MUN A01294431 09/05/2018   Book